[Event "2017 South African Open Ch"]
[Site "Durban"]
[Date "2017.07.17"]
[Round "6"]
[White "Du Plessis, Heinco"]
[Black "Bhawoodien, Mohamed Ozayr"]
[Result "0-1"]
[WhiteElo "2003"]
[BlackElo "2103"]
[Annotator "TA"]
[PlyCount "116"]
[EventDate "2017.??.??"]
[EventCountry "RSA"]
[SourceTitle "playchess.com"]
[Source "ChessBase"]
[SourceQuality "1"]

{[%evp 11,116,7,16,-4,-2,4,41,0,0,-2,39,21,39,44,52,0,0,0,0,0,0,0,0,-30,-8,-8,-11,-18,0,-6,0,0,0,0,0,0,0,0,0,-5,0,-35,-18,-35,-24,-23,-23,-29,-29,-29,-31,-37,0,0,0,0,0,-18,5,5,18,0,0,0,-8,-8,-13,-274,0,0,0,0,0,0,0,-197,-177,-467,-460,-1785,-1734,-1569,-1377,-5152,-5143,-12796,-8589,-29989,-29990,-29986,-29982,-29991,-29992,-29992,-29993,-29993,-29993,-29993,-29990,-29990,-29991,-29993,-29993,-29993,-29994,-29994,-29995]} 1. d4 Nf6 2. c4 e6 3. Nc3 Bb4 4. f3 c5 5. a3 cxd4 (5... Bxc3+ 6. bxc3 Nc6 7. e4 O-O 8. Bd3 cxd4 9. cxd4 Nxd4 10. e5 Qa5+ 11. Kf1 Ne8 12. Bb2 Nc6 13. f4 f6 14. Qh5 h6 15. Nf3 fxe5 {½-½ (62) Carlsen,M (2786)-Ivanchuk,V (2786) Cap d'Agde 2008}) 6. axb4 {E20: Nimzo-Indian: 4 g3 and 4 f3} dxc3 {LiveBook: 7 Games} 7. e4 cxb2 $146 ({Predecessor:} 7... d5 8. bxc3 dxe4 9. Qc2 Nbd7 10. fxe4 b6 11. Bf4 e5 12. Bg5 Bb7 13. Bd3 {1-0 (30) Timofeev,A (2616)-Makarov,M (2518) Loo 2013}) 8. Bxb2 {Black should prevent e5.The position is equal.} d6 9. Qd2 O-O 10. Rd1 Qb6 (10... d5 $5) 11. Bd4 Qc7 12. Bxf6 $1 gxf6 13. Qxd6 (13. Ne2 $1 $14) 13... Qxd6 $11 14. Rxd6 a5 15. bxa5 Rxa5 16. Ne2 Bd7 17. Nd4 Ra1+ 18. Kf2 Rc8 19. Rg1 e5 20. Nb3 Rb1 21. Nd2 Rb2 22. Be2 Be6 23. Rb1 Rxb1 24. Nxb1 Nc6 25. Nd2 Ra8 26. g3 Ra2 27. Ke3 Kf8 28. f4 Ke7 29. Rd3 $1 Nd4 {[#] ...Bxc4! is the strong threat.} 30. Rc3 b6 31. Bd3 Kd6 32. Nb3 Nc6 33. f5 Bc8 34. h4 Rg2 35. Kf3 Rb2 {Strongly threatening ...Rxb3!} 36. Ke3 Bd7 37. Bc2 Nb4 38. Bd1 Ba4 {White must now prevent ...Ke7.} 39. h5 $2 {[%mdl 8192]} (39. c5+ $1 $11 {and White is okay.} bxc5 40. Na5 Nc2+ 41. Bxc2 Rxc2 42. Rxc2 Bxc2 43. g4) 39... h6 $2 (39... Ke7 $19 {Threatens to win with ...Kf8.} 40. h6 Ke8) 40. c5+ $1 bxc5 {And now ...Rb1 would win.} 41. Na5 $1 {[%cal Ra5c4]} Nc2+ 42. Bxc2 Rxc2 {[%mdl 4096] Endgame KRB-KRN} 43. Rd3+ $2 {[#]} (43. Nb7+ $11 {and White has nothing to worry.} Kc7 44. Rxc2 Bxc2 45. Nxc5) 43... Kc7 $1 $19 {[%cal Rc7b6] Hoping for ...Kb6.} 44. Ra3 $2 (44. Rd2) 44... Bb5 45. Nb3 (45. Rb3 $142 Kb6 46. Ra3) 45... Rc3+ 46. Kd2 Rd3+ 47. Kc2 c4 {[%cal Bc5c4,Bc4b3][%mdl 32]} 48. Ra7+ Kb6 49. Rxf7 cxb3+ {KRB-KR. Black mates.} 50. Kb2 Kc5 51. Rxf6 Kb4 52. Rb6 Rd2+ 53. Kc1 Rc2+ 54. Kb1 Kc5 55. Rb8 Rf2 56. g4 Kc4 57. Rc8+ Kb4 58. Rb8 Kc3 {Precision: White = 37%, Black = 68%.} 0-1

[Event "2017 South African Open Ch"]
[Site "Durban"]
[Date "2017.07.17"]
[Round "6"]
[White "Subke, Jason James"]
[Black "Jere, Daniel"]
[Result "0-1"]
[WhiteElo "1932"]
[BlackElo "2380"]
[Annotator "TA"]
[PlyCount "76"]
[EventDate "2017.??.??"]
[EventCountry "RSA"]
[SourceTitle "playchess.com"]
[Source "ChessBase"]
[SourceQuality "1"]

{[%evp 9,76,9,17,10,8,0,25,25,32,29,31,34,36,37,38,33,38,43,42,35,114,96,97,97,107,95,76,73,72,74,147,113,120,95,105,108,144,48,36,17,34,20,7,0,0,0,0,0,0,0,0,0,0,-65,-89,-131,-123,-356,-351,-325,-319,-477,-429,-391,-395,-1122,-1122,-1110,-1072]} 1. e4 e6 2. d4 d5 3. exd5 exd5 4. Bd3 Nc6 5. Nf3 Nb4 {LiveBook: 5 Games} (5... Bg4 6. c3 Bd6 7. O-O Qd7 8. Re1+ Nge7 9. Nbd2 O-O-O 10. b4 Rde8 11. b5 Nd8 12. Qa4 Kb8 13. Ba3 Ne6 14. Ne5 Bxe5 15. dxe5 Bf5 16. Bf1 d4 17. cxd4 Qxd4 18. Nc4 Nc8 19. Qb3 Rd8 20. Rad1 Qh4 {½-½ (20) Pourramezanali,A (2509)-Short,N (2652) Guilan 2016}) 6. Be2 {C01: French: Exchange Variation} Bf5 7. Na3 Nf6 8. c3 {White has an edge.} Nc6 9. Nc2 $146 ({Predecessor:} 9. Qb3 Na5 10. Qa4+ c6 11. b4 Nc4 12. Nxc4 dxc4 13. b5 {½-½ (22) Cechura,P-Kopicka,K (2050) Nachod 1999}) 9... Bd6 10. Bg5 {[%cal Bc1g5,Bg5h4,Bh4g3][%mdl 32]} h6 11. Bh4 g5 12. Bg3 Ne4 13. Ne3 Be6 14. Bb5 h5 {[#]} (14... f5 $14 15. Nd2 Nf6 16. Bxd6 Qxd6) 15. Bxd6 $1 $16 cxd6 16. Nd2 {And now Nxe4 would win.} Nf6 17. Qe2 Qb6 18. O-O O-O-O 19. a4 {[%cal Ba2a4,Ba4a5][%mdl 32]} Ne7 (19... Kb8 $142) 20. a5 Qc7 21. c4 Kb8 22. Rfc1 dxc4 23. Nexc4 ({But not} 23. Ndxc4 Rc8 $16) ({White should try} 23. Bxc4 $16 Rc8 24. Qf3) 23... Rc8 $1 $14 24. a6 {[#] Threatens to win with axb7.} b6 $1 25. Qf3 Nfd5 26. Ne3 Qxc1+ 27. Rxc1 Rxc1+ 28. Ndf1 g4 29. Qg3 Kc7 30. Nxd5+ Nxd5 ({Don't go for} 30... Bxd5 $2 31. Qe3 $18) 31. Qd3 (31. h4 $1 $11) 31... Rc8 $15 32. g3 Kd8 $36 {[%mdl 2048] Black has strong initiative.} 33. Qh7 $2 (33. Qd2 $17 {was forced.} Ke7 34. Bd3) 33... Nf6 $19 34. Qh6 Ke7 35. Qg5 (35. d5 $142 Bxd5 36. Qe3+ Be6 37. Qd2) 35... Rb1 36. Bd3 Rd1 37. Bf5 $2 (37. Be2 Rxd4 38. Qe3) 37... Bxf5 38. Qxf5 Rcc1 {Precision: White = 47%, Black = 75%.} 0-1

[Event "2017 South African Open Ch"]
[Site "Durban"]
[Date "2017.07.17"]
[Round "6"]
[White "Mazibuko, Khanya"]
[Black "Govindasamy, Nashlen"]
[Result "1/2-1/2"]
[WhiteElo "1808"]
[BlackElo "2087"]
[Annotator "NA RC"]
[PlyCount "135"]
[EventDate "2017.??.??"]
[EventCountry "RSA"]
[SourceTitle "playchess.com"]
[Source "ChessBase"]
[SourceQuality "1"]
[TimeControl "5400+30"]

1. e4 {[%emt 0:00:00]} c5 {[%emt 0:05:30]} 2. Nc3 {[%emt 0:01:26]} e6 {[%emt 0:00:33]} 3. f4 {[%emt 0:00:00]} Nc6 {[%emt 0:00:13]} 4. Nf3 {[%emt 0:00:12]} d5 {[%emt 0:00:37]} 5. Bb5 {[%emt 0:00:32]} Nge7 {[%emt 0:00:18]} 6. exd5 {[%emt 0:00:34]} exd5 {[%emt 0:00:13]} 7. Qe2 {[%emt 0:00:23]} f6 {[%emt 0:00:54] B23: Closed Sicilian: Lines without g3} (7... Bg4 8. O-O Qd6 9. Bxc6+ Qxc6 10. h3 Bxf3 11. Qxf3 d4 12. Ne4 f5 13. Ng5 h6 14. Qxc6+ Nxc6 15. Nf3 d3 {1-0 (41) Wang,C (2500)-Sasikiran,K (2682) Hyderabad 2015}) 8. Bxc6+ {[%emt 0:04:07]} bxc6 {[%emt 0:00:17]} 9. b3 {[%emt 0:03:18]} Kf7 {[%emt 0:05:41]} 10. O-O {[%emt 0:03:21]} Nf5 {[%emt 0:16:04]} 11. Ba3 $146 {[%emt 0:11:23]} ({Predecessor:} 11. d3 Bd6 12. Ne5+ Kg8 13. Nf3 Kf7 14. Ne5+ fxe5 15. fxe5 {0-1 (40) Bikuzhin,V (2241)-Petrov,N (2436) Moscow 2015}) 11... Nd4 {[%emt 0:10:12]} 12. Nxd4 {[%emt 0:12:24]} cxd4 {[%emt 0:00:08]} 13. Bxf8 {[%emt 0:00:34]} Rxf8 {[%emt 0:11:47]} 14. Na4 {[%emt 0:08:08]} Bf5 {[%emt 0:02:48]} 15. Qh5+ {[%emt 0:10:49]} Bg6 {[%emt 0:00:46]} 16. Qg4 {[%emt 0:00:21]} Kg8 {[%emt 0:11:27] [#]} (16... Bxc2 $11 {remains equal.} 17. Nc5 Qe7) 17. f5 $1 {[%emt 0:03:52]} Bf7 {[%emt 0:02:55]} 18. Qxd4 {[%emt 0:01:32]} Re8 {[%emt 0:01:46]} 19. Rae1 {[%emt 0:02:44]} Rxe1 {[%emt 0:00:52]} 20. Rxe1 {[%emt 0:00:02]} Qd7 {[%emt 0:00:46]} 21. Qf4 {[%emt 0:02:15]} Re8 {[%emt 0:00:43]} 22. Rxe8+ {[%emt 0:06:36]} Qxe8 {[%emt 0:01:12]} 23. Kf2 {[%emt 0:02:32]} Qe5 {[%emt 0:08:24]} 24. Qxe5 {[%emt 0:00:19]} fxe5 {[%emt 0:00:02]} 25. Nc5 {[%emt 0:00:31]} Be8 {[%emt 0:05:02]} 26. g4 {[%emt 0:04:19]} g6 {[%emt 0:02:03]} 27. Nd3 {[%emt 0:03:37]} gxf5 {[%emt 0:00:41]} 28. gxf5 {[%emt 0:00:59]} Kg7 {[%emt 0:00:57]} 29. Nxe5 {[%emt 0:03:03]} Kf6 {[%emt 0:00:04]} 30. d4 {[%emt 0:02:56]} Kxf5 {[%emt 0:00:29]} 31. Ke3 {[%emt 0:00:06]} Kg5 {[%emt 0:03:20]} 32. c4 {[%emt 0:02:24]} dxc4 {[%emt 0:00:40]} 33. bxc4 {[%emt 0:00:23]} Kf5 {[%emt 0:00:48]} 34. c5 {[%emt 0:04:30]} Kf6 {[%emt 0:05:17]} 35. Kf4 {[%emt 0:01:20]} Ke6 {[%emt 0:00:52]} 36. Ke4 {[%emt 0:00:23]} a6 {[%emt 0:00:18]} 37. a3 {[%emt 0:00:13]} a5 {[%emt 0:00:51]} 38. a4 {[%emt 0:00:11]} Kf6 {[%emt 0:00:51]} 39. Nc4 {[%emt 0:04:26]} Bg6+ {[%emt 0:00:13]} 40. Ke3 {[%emt 0:00:06]} Bc2 {[%emt 0:00:20] [#]} 41. Nb2 $1 {[%emt 0:00:05]} Ke6 {[%emt 0:00:53] [#]} 42. Kd2 $1 {[%emt 0:00:03]} Bg6 {[%emt 0:02:45]} 43. Nc4 {[%emt 0:00:15]} Kd5 {[%emt 0:00:44]} 44. Kc3 {[%emt 0:00:02]} h5 {[%emt 0:00:32]} 45. Nxa5 {[%emt 0:00:06]} Bf5 {[%emt 0:00:39]} 46. Nc4 {[%emt 0:00:46]} Ke6 {[%emt 0:00:22]} 47. Nb6 {[%emt 0:00:43]} Bh3 {[%emt 0:00:14]} 48. a5 {[%emt 0:00:08]} Bf1 {[%emt 0:00:04]} 49. Nc4 {[%emt 0:00:17]} Kd7 {[%emt 0:00:22]} 50. Ne5+ {[%emt 0:00:34]} (50. a6 $142 Kc7 51. a7 Kb7 52. Na5+ Kxa7 53. Nxc6+ Kb7 54. d5 Bb5 55. Nd4) 50... Kc7 {[%emt 0:00:19]} 51. Kd2 {[%emt 0:00:31]} Kb7 {[%emt 0:00:31]} 52. Ke1 {[%emt 0:01:03]} (52. Nd3 $142 Ka6 53. Nb4+ Kxa5 54. Nxc6+ Ka6 55. Ke3) 52... Bb5 {[%emt 0:00:34]} 53. Ng6 {[%emt 0:01:17]} Bc4 {[%emt 0:01:28]} 54. Kf2 {[%emt 0:01:29]} Ka6 {[%emt 0:00:16]} 55. Kg3 {[%emt 0:00:26]} Kxa5 {[%emt 0:00:03]} 56. Nf4 $2 {[%emt 0:00:16]} (56. Kf4 $18 {has better winning chances.} Bf1 57. Ke5) 56... Kb4 {[%emt 0:00:46]} 57. Kf3 $2 {[%emt 0:02:03]} ({Don't play} 57. Nxh5 Kc3 $11) (57. Kf2 Bf7 58. Ke2) 57... Bf7 $2 {[%emt 0:00:46]} (57... h4 {is a better chance.} 58. Ke4 Kb5) 58. Ke4 {[%emt 0:00:10]} Kc4 {[%emt 0:00:21]} 59. Ke5 {[%emt 0:00:03]} Be8 {[%emt 0:00:50]} 60. Ne6 {[%emt 0:00:32]} Bf7 {[%emt 0:00:31]} 61. Nd8 {[%emt 0:01:12]} Bd5 {[%emt 0:00:17]} 62. Kd6 {[%emt 0:00:59]} Kxd4 {[%emt 0:00:24]} 63. Nxc6+ {[%emt 0:00:11]} Ke4 {[%emt 0:00:43]} 64. Ne7 {[%emt 0:01:19]} Ba8 {[%emt 0:00:30] [#]} 65. Nc6 $2 {[%emt 0:00:34]} (65. c6 $1 $18 {[%cal Rc6c7]} Bxc6 66. Nxc6 (66. Kxc6 Kf3 $11)) 65... Kf3 {[%emt 0:00:40]} 66. Nd8 {[%emt 0:00:32]} Kg2 {[%emt 0:00:19]} 67. Ne6 {[%emt 0:00:11]} Kxh2 {[%emt 0:00:32]} 68. Nf4 $11 {[%emt 0:00:38]} 1/2-1/2

[Event "2017 South African Open Ch"]
[Site "Durban"]
[Date "2017.07.17"]
[Round "6"]
[White "Southey, Andrew M"]
[Black "Oberholzer, Francois"]
[Result "0-1"]
[WhiteElo "1807"]
[BlackElo "2046"]
[Annotator "NA RC"]
[PlyCount "54"]
[EventDate "2017.??.??"]
[EventCountry "RSA"]
[SourceTitle "playchess.com"]
[Source "ChessBase"]
[SourceQuality "1"]
[TimeControl "5400+30"]

1. e4 {[%emt 0:00:00]} c5 {[%emt 0:00:26]} 2. Nf3 {[%emt 0:00:00]} e6 {[%emt 0:00:38]} 3. d3 Nc6 {[%emt 0:01:42]} 4. g3 {[%emt 0:00:22]} d5 {[%emt 0:04:56]} 5. Nbd2 {[%emt 0:00:27]} Nf6 {[%emt 0:03:32]} 6. Bg2 {[%emt 0:00:25]} Be7 {[%emt 0:00:16]} 7. O-O {[%emt 0:00:32]} O-O {[%emt 0:02:39]} 8. Re1 {[%emt 0:00:36]} b5 {[%emt 0:01:13]} 9. e5 {[%emt 0:00:42]} Nd7 {[%emt 0:00:20]} 10. h4 {[%emt 0:00:49]} f6 {[%emt 0:08:02] C00: French: Unusual White 2nd moves} (10... Bb7 11. Nf1 b4 12. N1h2 Qc7 13. Bf4 Rfc8 14. Ng4 Qd8 15. h5 h6 16. Qd2 Bf8 17. c4 bxc3 18. bxc3 {0-1 (68) Zakhartsov,V (2452)-Matlakov,M (2691) Sochi 2016}) 11. exf6 {[%emt 0:00:26]} Nxf6 {[%emt 0:00:19]} 12. Nf1 {[%emt 0:01:22]} Ng4 $146 {[%emt 0:05:50]} ({Predecessor:} 12... Rb8 13. Bf4 Bd6 14. Bxd6 Qxd6 15. Qe2 h6 16. Ne5 Nxe5 17. Qxe5 Qxe5 18. Rxe5 {½-½ (32) Guillermo Gonzalez,A (1570)-Cruz Diaz,F (1619) Santa Cruz de Tenerife 2016}) 13. Bg5 {[%emt 0:19:36]} h6 {[%emt 0:14:18]} 14. Bxe7 {[%emt 0:05:27]} Qxe7 {[%emt 0:03:34]} 15. N1h2 {[%emt 0:02:22]} e5 {[%emt 0:07:09]} 16. Nxe5 {[%emt 0:09:05]} Ngxe5 {[%emt 0:00:27]} 17. f4 {[%emt 0:05:22]} Qf7 {[%emt 0:07:05]} 18. fxe5 {[%emt 0:01:19]} Qf2+ {[%emt 0:00:07]} 19. Kh1 {[%emt 0:00:04]} Be6 {[%emt 0:00:11]} 20. Nf1 {[%emt 0:04:37] [#]} Nd4 $1 {[%emt 0:07:39]} 21. Re3 {[%emt 0:09:07]} (21. Rc1 $17) 21... Qxc2 {[%emt 0:04:38]} 22. Qh5 {[%emt 0:02:36]} Rf2 {[%emt 0:02:31]} 23. Rf3 {[%emt 0:06:14]} Rxg2 {[%emt 0:01:47]} 24. Rf6 {[%emt 0:00:08]} Qe2 {[%emt 0:05:41]} 25. Qg6 {[%emt 0:00:36]} Rf2 $19 {[%emt 0:01:00]} (25... Rf8 $142 26. Rb1 Bf7 27. Re1 Qxe1 28. Qxg7+ Kxg7 29. Kxg2 Qxe5 30. Rf2 Bg6 31. Rxf8 Kxf8 32. Nh2 Qe2+ 33. Kh3 Qf2 34. b3 Ne2 35. Nf1 Ng1+ 36. Kg4 Qf5#) 26. Rc1 {[%emt 0:05:56]} Nf3 {[%emt 0:02:42]} 27. Rxf3 {[%emt 0:00:17]} Qxf3+ {[%emt 0:00:08]} 0-1

[Event "2017 South African Open Ch"]
[Site "Durban"]
[Date "2017.07.17"]
[Round "6"]
[White "Essa, Naseem Ahmed"]
[Black "Bhawoodien, Shabir Hussain"]
[Result "0-1"]
[WhiteElo "1682"]
[BlackElo "2066"]
[Annotator "NA RC"]
[PlyCount "70"]
[EventDate "2017.??.??"]
[EventCountry "RSA"]
[SourceTitle "playchess.com"]
[Source "ChessBase"]
[SourceQuality "1"]
[TimeControl "5400+30"]

1. c4 {[%emt 0:00:00]} Nf6 {[%emt 0:07:47]} 2. g3 {[%emt 0:00:00]} g6 {[%emt 0:00:05]} 3. Bg2 {[%emt 0:00:11]} Bg7 {[%emt 0:00:02]} 4. Nc3 {[%emt 0:00:24]} O-O {[%emt 0:00:18]} 5. e4 {[%emt 0:00:30]} d6 {[%emt 0:00:07]} 6. Nge2 {[%emt 0:00:11]} c5 {[%emt 0:02:44]} 7. O-O {[%emt 0:00:11]} Nc6 {[%emt 0:00:03]} 8. a3 {[%emt 0:00:13]} a5 {[%emt 0:01:42] A36: Symmetrical English vs ...g6: 4 Bg2 Bg7} 9. d3 {[%emt 0:01:59]} Ne8 {[%emt 0:03:26]} 10. f4 {[%emt 0:04:21]} Nc7 $146 {[%emt 0:05:26]} ({Predecessor:} 10... Bg4 11. h3 Bxe2 12. Nxe2 Nc7 13. Rb1 Ne6 14. Kh2 Ned4 15. Nc3 Rb8 16. Be3 b5 17. cxb5 Nxb5 18. e5 Nbd4 19. Qa4 Rc8 20. exd6 exd6 21. f5 {0-1 (51) Bercys,S (2427)-Kiewra,K (2311) Mesa 2010}) 11. f5 {[%emt 0:23:11]} Nd4 {[%emt 0:07:50]} 12. Nxd4 {[%emt 0:04:24]} cxd4 {[%emt 0:03:13]} 13. Ne2 {[%emt 0:00:50]} Bd7 {[%emt 0:06:30]} 14. Bg5 {[%emt 0:51:17]} b5 {[%emt 0:10:19]} 15. cxb5 {[%emt 0:03:59]} Bxb5 {[%emt 0:00:41]} 16. g4 {[%emt 0:00:07]} d5 {[%emt 0:02:54]} (16... Qd7 $11 {remains equal.}) 17. Bf4 {[%emt 0:02:52]} dxe4 {[%emt 0:06:57]} 18. Bxc7 {[%emt 0:02:27]} Qxc7 {[%emt 0:00:05]} 19. Bxe4 {[%emt 0:00:05]} Rab8 $15 {[%emt 0:01:36]} 20. Nf4 {[%emt 0:00:13]} Qd6 {[%emt 0:04:33]} 21. Qf3 {[%emt 0:01:12]} Be5 {[%emt 0:01:45]} 22. Rab1 {[%emt 0:01:18]} Ba4 {[%emt 0:00:35]} 23. b4 {[%emt 0:00:43]} axb4 {[%emt 0:10:25]} 24. axb4 {[%emt 0:00:05]} Bxf4 {[%emt 0:03:36]} 25. Qxf4 {[%emt 0:00:05]} Qxf4 {[%emt 0:02:24]} 26. Rxf4 {[%emt 0:00:05]} g5 {[%emt 0:00:01]} 27. Rf2 {[%emt 0:00:39]} Rfc8 {[%emt 0:00:02]} 28. Ra2 {[%emt 0:01:14]} Bb5 {[%emt 0:00:23]} 29. Ra7 {[%emt 0:00:34]} Kf8 {[%emt 0:02:02]} 30. Ra3 {[%emt 0:00:30]} Rc2 {[%emt 0:00:47]} 31. Rba1 {[%emt 0:00:51]} Kg7 {[%emt 0:00:29]} 32. Ra8 {[%emt 0:00:26]} Rxa8 {[%emt 0:02:54]} 33. Rxa8 {[%emt 0:00:05]} Rb2 34. Kf1 {[%emt 0:01:14]} Rxb4 {[%emt 0:00:40]} 35. Rb8 {[%emt 0:00:20]} Bxd3+ {[%emt 0:00:07]} 0-1

[Event "2017 South African Open Ch"]
[Site "Durban"]
[Date "2017.07.17"]
[Round "6"]
[White "Hattingh, Krishna"]
[Black "Zwakala, Ntando"]
[Result "0-1"]
[WhiteElo "1608"]
[BlackElo "2020"]
[Annotator "NA RC"]
[PlyCount "104"]
[EventDate "2017.??.??"]
[EventCountry "RSA"]
[SourceTitle "playchess.com"]
[Source "ChessBase"]
[SourceQuality "1"]
[TimeControl "5400+30"]

1. d4 {[%emt 0:00:00]} Nf6 {[%emt 0:00:10]} 2. c4 {[%emt 0:00:00]} e6 {[%emt 0:00:07]} 3. Nf3 {[%emt 0:00:00]} b6 {[%emt 0:00:49]} 4. a3 {[%emt 0:00:14]} Bb7 {[%emt 0:00:41]} 5. Nc3 {[%emt 0:00:06]} d5 {[%emt 0:00:33]} 6. Bg5 {[%emt 0:00:36]} Be7 {[%emt 0:01:11]} 7. e3 {[%emt 0:03:51]} Nbd7 {[%emt 0:01:08]} 8. cxd5 {[%emt 0:01:12]} exd5 {[%emt 0:00:45]} 9. Bd3 {[%emt 0:01:20]} O-O {[%emt 0:00:20]} 10. Rc1 {[%emt 0:01:22]} c5 {[%emt 0:02:19]} 11. O-O {[%emt 0:02:21]} h6 {[%emt 0:01:20]} 12. Bh4 {[%emt 0:01:07]} Ne4 {[%emt 0:03:15]} 13. Bxe7 {[%emt 0:02:53]} Qxe7 {[%emt 0:00:10]} 14. dxc5 {[%emt 0:01:28] E12: Queen's Indian: Unusual White 4th moves, 4 a3, 4 Nc3 Bb7 5 a3 and 4 Nc3 Bb7} Nxc3 {[%emt 0:02:10]} 15. Rxc3 {[%emt 0:01:01]} bxc5 {[%emt 0:00:21] [#]} 16. b3 $146 {[%emt 0:03:18]} ({Predecessor:} 16. Bb1 Rfd8 17. Qc2 g6 18. Qa4 Qf6 19. Qg4 h5 20. Qg3 d4 21. exd4 cxd4 {½-½ (64) Indjic,A (2542)-Li,R (2486) Dallas 2016}) 16... Qf6 {[%emt 0:01:55]} 17. Rc1 {[%emt 0:03:51]} Rac8 {[%emt 0:00:44]} 18. Qe2 {[%emt 0:01:52]} Rfe8 {[%emt 0:04:35]} 19. Rc2 {[%emt 0:01:26]} Nb6 {[%emt 0:02:25]} 20. Nd2 {[%emt 0:02:41]} d4 {[%emt 0:05:38]} 21. Qg4 {[%emt 0:05:56]} dxe3 {[%emt 0:06:06]} 22. fxe3 {[%emt 0:00:02]} Qe5 {[%emt 0:00:37]} 23. Re1 {[%emt 0:01:20]} Rcd8 {[%emt 0:05:20]} 24. Bb5 {[%emt 0:03:27]} Re6 {[%emt 0:03:22]} 25. Nf3 {[%emt 0:02:16]} Qd6 {[%emt 0:03:33]} 26. Nh4 {[%emt 0:08:08]} Re4 {[%emt 0:09:44]} 27. Qg3 {[%emt 0:00:31]} Qe6 {[%emt 0:03:34]} 28. Qc7 {[%emt 0:05:02]} (28. Rf2 $5 {[%cal Rh4f5]} Qe5 29. Qxe5 Rxe5 30. Nf3 $11) 28... Rc8 {[%emt 0:07:36]} 29. Qxb7 {[%emt 0:01:37]} Rxh4 {[%emt 0:00:21]} 30. Bc4 {[%emt 0:06:22]} (30. Rf2 $11) 30... Nxc4 {[%emt 0:03:26]} 31. Rxc4 {[%emt 0:00:35]} Rxc4 {[%emt 0:00:26]} 32. bxc4 {[%emt 0:00:02]} Rd8 {[%emt 0:01:45]} 33. Qc7 {[%emt 0:05:13]} Rd2 {[%emt 0:04:07]} 34. Qxc5 $15 {[%emt 0:05:13]} Qe4 {[%emt 0:04:09]} 35. Qc8+ {[%emt 0:00:20]} Kh7 {[%emt 0:00:06]} 36. Qh3 {[%emt 0:00:07]} Qxc4 {[%emt 0:00:11]} 37. Qf5+ {[%emt 0:02:20]} g6 {[%emt 0:00:57]} 38. Qf6 {[%emt 0:02:33]} Qa2 {[%emt 0:02:22]} 39. Qf3 {[%emt 0:01:21]} Rd3 {[%emt 0:02:30]} 40. Re2 {[%emt 0:01:16]} Qe6 {[%emt 0:01:20]} 41. Rf2 {[%emt 0:01:43]} Kg7 {[%emt 0:00:46]} 42. Qe2 {[%emt 0:07:17]} Rxe3 {[%emt 0:02:52]} 43. Qb2+ {[%emt 0:01:16]} Kh7 {[%emt 0:02:24]} 44. h3 {[%emt 0:00:47]} Re1+ {[%emt 0:00:18]} 45. Kh2 {[%emt 0:00:09]} Qd6+ {[%emt 0:00:11]} 46. g3 {[%emt 0:00:42]} Qd5 {[%emt 0:00:12]} 47. Rg2 {[%emt 0:00:58]} Qd1 {[%emt 0:00:15]} 48. g4 {[%emt 0:02:39]} Rh1+ {[%emt 0:01:47]} 49. Kg3 {[%emt 0:00:04]} Qd3+ {[%emt 0:00:18]} 50. Kf4 {[%emt 0:02:49]} g5+ {[%emt 0:00:21]} 51. Ke5 {[%emt 0:00:06]} Re1+ {[%emt 0:00:17]} 52. Kf6 {[%emt 0:00:14]} Qf3# {[%emt 0:00:15] Ke5} 0-1

[Event "2017 South African Open Ch"]
[Site "Durban"]
[Date "2017.07.18"]
[Round "7"]
[White "Jere, Daniel"]
[Black "Masango, Spencer"]
[Result "1-0"]
[WhiteElo "2380"]
[BlackElo "2203"]
[Annotator "TA"]
[PlyCount "81"]
[EventDate "2017.??.??"]
[EventCountry "RSA"]
[SourceTitle "playchess.com"]
[Source "ChessBase"]
[SourceQuality "1"]

{[%evp 17,81,21,22,28,18,14,31,37,46,54,89,97,137,143,171,161,161,161,226,145,140,141,148,127,252,256,267,260,328,317,337,312,316,328,407,392,541,542,579,410,405,265,239,231,214,206,316,222,375,374,438,438,467,478,460,454,729,715,669,518,652,620,607,599,588,577]} 1. c4 Nf6 2. g3 d5 3. Bg2 dxc4 4. Na3 g6 5. Nxc4 Bg7 6. Nf3 O-O 7. O-O c5 8. d4 Nbd7 9. dxc5 Nxc5 10. Be3 {D77: Fianchetto Grünfeld: 6 0-0: Replies other than 6...c6} Be6 11. Rc1 Nce4 12. Nfe5 $146 {White is slightly better.} ({Predecessor:} 12. Qa4 Qd5 13. Rfd1 Qh5 14. Nce5 b5 15. Qa5 Rfe8 16. Bd4 Nd6 17. b3 Nd5 {½-½ (62) Velikov,P (2475)-Nikolov,S (2215) Bulgaria 1988}) 12... Bd5 13. a4 b6 14. b4 Qc7 15. f3 Bxc4 16. Nxc4 ({And not} 16. Rxc4 Qxe5 17. fxe4 Qe6 $15) 16... Rad8 17. Qb3 Nd6 (17... Nxg3 {was necessary.} 18. hxg3 Qxg3) 18. Nxb6 Qb8 19. Nc4 {Na5 is the strong threat.} Nd5 20. Bc5 {[#] Hoping for Na5.} Rc8 (20... Nxc4 $16 21. Rxc4 (21. Qxc4 Nb6 $16) 21... Nb6) 21. Na5 $18 Nf6 22. Bf2 Bh6 23. f4 Nde4 24. Be3 Qd6 25. Rfd1 Rxc1 26. Rxc1 (26. Bxc1 Qc7 $18) 26... Bg7 27. Nc6 h5 28. Bxe4 Nxe4 29. Qd5 Nc3 30. Qxd6 exd6 31. Kf2 Nxa4 (31... a6 $142 32. Ne7+ Kh7) 32. Nxa7 ({Weaker is} 32. Bxa7 Nc3 $16) 32... Nc3 $2 {[#]} (32... Rb8 {keeps fighting.} 33. Rc8+ Rxc8 34. Nxc8 Nc3) 33. b5 Re8 34. b6 {White is clearly winning.} d5 {Now ...d4 and Black clings on.} 35. Nc6 Ne4+ 36. Kf3 Bf8 (36... Nd6 $142 37. Bc5 Nb7 38. Ne7+ Kh8) 37. b7 Bd6 38. Rb1 d4 39. b8=Q Bxb8 40. Rxb8 Rxb8 41. Nxb8 {Precision: White = 81%, Black = 30%.} 1-0